<?xml version="1.0" encoding="UTF-8"?>
<record
    xmlns:xsi="http://www.w3.org/2001/XMLSchema-instance"
    xsi:schemaLocation="http://www.loc.gov/MARC21/slim http://www.loc.gov/standards/marcxml/schema/MARC21slim.xsd"
    xmlns="http://www.loc.gov/MARC21/slim">

  <leader>00664nam a22001937a 4500</leader>
  <datafield tag="999" ind1=" " ind2=" ">
    <subfield code="c">176044</subfield>
    <subfield code="d">176044</subfield>
  </datafield>
  <controlfield tag="005">20201023150657.0</controlfield>
  <datafield tag="010" ind1=" " ind2=" ">
    <subfield code="a">UR-10904</subfield>
  </datafield>
  <datafield tag="020" ind1=" " ind2=" ">
    <subfield code="c">400.00</subfield>
    <subfield code="a">9789389733631</subfield>
  </datafield>
  <datafield tag="035" ind1=" " ind2=" ">
    <subfield code="a">U-9459</subfield>
  </datafield>
  <datafield tag="037" ind1=" " ind2=" ">
    <subfield code="b">DBAD/PUB</subfield>
  </datafield>
  <datafield tag="082" ind1=" " ind2=" ">
    <subfield code="a">844.8</subfield>
  </datafield>
  <datafield tag="100" ind1=" " ind2=" ">
    <subfield code="d">&#x627; &#x64A;&#x645; &#x646;&#x635;&#x631; &#x627;&#x644;&#x644;&#x6C1; &#x646;&#x635;&#x631;</subfield>
  </datafield>
  <datafield tag="245" ind1=" " ind2=" ">
    <subfield code="a">&#x627; &#x630; &#x6A9;&#x627; &#x631; &#x627; &#x62F; &#x628; </subfield>
    <subfield code="c">&#x627; &#x64A;&#x645; &#x646;&#x635;&#x631; &#x627;&#x644;&#x644;&#x6C1; &#x646;&#x635;&#x631;</subfield>
  </datafield>
  <datafield tag="246" ind1=" " ind2=" ">
    <subfield code="b">Azkar-e-Adab  (Urdu)</subfield>
    <subfield code="a">by M.Nasarullah Nasar</subfield>
  </datafield>
  <datafield tag="260" ind1=" " ind2=" ">
    <subfield code="a">N.Delhi </subfield>
    <subfield code="b">Educational Publishing House</subfield>
    <subfield code="c">2020 &#x621;</subfield>
  </datafield>
  <datafield tag="270" ind1=" " ind2=" ">
    <subfield code="a">H.O.D1/16,Ansari Road,Darya ganj,</subfield>
    <subfield code="b">N.Delhi</subfield>
    <subfield code="e">110002</subfield>
    <subfield code="k">45678285,23216162</subfield>
    <subfield code="l">0091-11-23211540</subfield>
  </datafield>
  <datafield tag="300" ind1=" " ind2=" ">
    <subfield code="a">480 &#x635; </subfield>
    <subfield code="c">22 Cm(Hb)</subfield>
  </datafield>
  <datafield tag="942" ind1=" " ind2=" ">
    <subfield code="2">ddc</subfield>
    <subfield code="c">UR</subfield>
    <subfield code="h">844.8</subfield>
    <subfield code="m">&#x646; &#x635; &#x631; </subfield>
  </datafield>
  <datafield tag="952" ind1=" " ind2=" ">
    <subfield code="0">0</subfield>
    <subfield code="1">0</subfield>
    <subfield code="4">0</subfield>
    <subfield code="7">0</subfield>
    <subfield code="8">NFIC</subfield>
    <subfield code="a">DBAD</subfield>
    <subfield code="b">DBAD</subfield>
    <subfield code="d">2020-10-23</subfield>
    <subfield code="e">DBAD/PUB</subfield>
    <subfield code="g">400.00</subfield>
    <subfield code="l">0</subfield>
    <subfield code="o">844.8 &#x646; &#x635; &#x631;</subfield>
    <subfield code="p">U-9459</subfield>
    <subfield code="r">2020-10-23 00:00:00</subfield>
    <subfield code="t">130.00</subfield>
    <subfield code="v">400.00</subfield>
    <subfield code="w">2020-10-23</subfield>
    <subfield code="y">UR</subfield>
  </datafield>
</record>
